000 00647nam a2200241Ia 4500
003 OSt
005 20220924114104.0
006 a|||||r|||| 00| 0
007 ta
008 220923b |||||||| |||| 00| 0 urd d
024 _a321658
037 _cTextual
040 _aARTS
_cARTS
_burd
041 _2urd
_aurd
082 _aQ7:33, 168F8
100 _aRizvi Nawab Ali Au.
_9171792
245 0 _aTazkiratul Mustafa
260 _aAligarh
_bMuslim university India
_c1928
650 _a PROPHETS
_94238
650 _aISLAM
_9577
942 _hQ7:33, 168F8
_cTEXL
_2CC
999 _c391851
_d391851